| 000 | 00527nam a22001817a 4500 | ||
|---|---|---|---|
| 003 | OSt | ||
| 005 | 20250715083221.0 | ||
| 008 | 250715b |||||||| |||| 00| 0 eng d | ||
| 040 |
_aDWCL- Main lib _cOC |
||
| 082 | _aCirc. 320.51 S971l 1972 | ||
| 100 | _aSwomley, John M. Jr. | ||
| 245 |
_aLiberation ethics/ _cJohn M. Swomley Jr. |
||
| 260 |
_aNew York : _b Collier-Macmillan Canada, _cc1972 |
||
| 300 |
_a 243 pages : _c18 cm. |
||
| 504 | _aIncludes index. | ||
| 650 | _a1. Liberalism. | ||
| 942 |
_2ddc _cBK-CIRC _kCirc. _n0 |
||
| 999 |
_c3691 _d3691 |
||